[Event "Greek Team Championship"]
[Site "chess24.com"]
[Date "2017.07.04"]
[Round "3"]
[White "Kokkota, Fotini"]
[Black "Kratimenou, Georgia"]
[Result "1-0"]
[Board "6"]
[WhiteElo "1612"]
[WhiteCountry "GRE"]
[WhiteFideId "4258878"]
[WhiteEloChange "2"]
[BlackElo "1203"]
[BlackCountry "GRE"]
[BlackFideId "25821717"]
[BlackEloChange "-2"]

1. e4 {[%clk 1:30:57]} c5 {[%clk 1:30:55]} 2. Nf3 {[%clk 1:31:24]} d6 {[%clk
1:31:19]} 3. d4 {[%clk 1:31:49]} cxd4 {[%clk 1:31:41]} 4. Nxd4 {[%clk 1:32:16]}
Nf6 {[%clk 1:32:01]} 5. Nc3 {[%clk 1:32:43]} g6 {[%clk 1:32:26]} 6. Be3 {[%clk
1:32:42]} Bg7 {[%clk 1:32:50]} 7. Bc4 {[%clk 1:32:09]} Ng4 {[%clk 1:31:58]} 8.
Bb5+ {[%clk 1:31:52]} Kf8 {[%clk 1:27:41]} 9. Qd2 {[%clk 1:24:28]} Nxe3 {[%clk
1:25:51]} 10. Qxe3 {[%clk 1:24:53]} a6 {[%clk 1:25:14]} 11. Bc4 {[%clk 1:24:57]}
Nc6 {[%clk 1:24:45]} 12. Nde2 {[%clk 1:20:59]} Qa5 {[%clk 1:19:48]} 13. O-O
{[%clk 1:16:46]} Qc5 {[%clk 1:19:34]} 14. Qxc5 {[%clk 1:08:33]} dxc5 {[%clk
1:19:55]} 15. Bd5 {[%clk 1:08:50]} Nb4 {[%clk 1:18:33]} 16. Rad1 {[%clk 1:07:48]}
e6 {[%clk 1:16:45]} 17. Bb3 {[%clk 1:06:27]} Ke7 {[%clk 1:16:35]} 18. f4 {[%clk
0:53:33]} Nc6 {[%clk 1:11:06]} 19. e5 {[%clk 0:45:07]} Bd7 {[%clk 1:10:36]} 20.
Na4 {[%clk 0:44:31]} Rhd8 {[%clk 0:58:32]} 21. Nxc5 {[%clk 0:39:18]} Na5 {[%clk
0:58:13]} 22. Nd4 {[%clk 0:26:42]} Rac8 {[%clk 0:55:55]} 23. Nxd7 {[%clk
0:25:43]} Rxd7 {[%clk 0:55:54]} 24. c3 {[%clk 0:25:36]} Nxb3 {[%clk 0:55:26]} 25.
Nxb3 {[%clk 0:25:36]} Rxd1 {[%clk 0:54:50]} 26. Rxd1 {[%clk 0:25:58]} Bf8 {[%clk
0:54:07]} 27. Kf2 {[%clk 0:24:51]} Ke8 {[%clk 0:51:36]} 28. Ke3 {[%clk 0:21:40]}
Be7 {[%clk 0:50:31]} 29. Ke4 {[%clk 0:19:41]} Rc4+ {[%clk 0:49:11]} 30. Rd4
{[%clk 0:20:05]} Rc7 {[%clk 0:45:48]} 31. g4 {[%clk 0:16:41]} f5+ {[%clk
0:41:03]} 32. exf6 {[%clk 0:15:45]} Bxf6 {[%clk 0:41:22]} 33. Rd6 {[%clk
0:15:53]} Re7 {[%clk 0:41:22]} 34. Nc5 {[%clk 0:13:52]} Kf7 {[%clk 0:33:49]} 35.
Rb6 {[%clk 0:13:57]} Bh4 {[%clk 0:32:54]} 36. Rxb7 {[%clk 0:13:54]} Rxb7 {[%clk
0:33:17]} 37. Nxb7 {[%clk 0:14:20]} Bf2 {[%clk 0:33:29]} 38. Ke5 {[%clk 0:13:46]}
Bb6 {[%clk 0:33:25]} 39. c4 {[%clk 0:12:24]} Bc7+ {[%clk 0:33:18]} 40. Nd6+
{[%clk 0:42:35]} Ke7 {[%clk 1:03:25]} 41. c5 {[%clk 0:42:58]} Kf8 {[%clk
1:02:10]} 42. Kxe6 {[%clk 0:43:21]} 1-0

[Event "Greek Team Championship"]
[Site "chess24.com"]
[Date "2017.07.04"]
[Round "3"]
[White "Kratimenou, Maria"]
[Black "Anthopoulou, Ioanna"]
[Result "0-1"]
[Board "7"]
[WhiteElo "1280"]
[WhiteCountry "GRE"]
[WhiteFideId "25821725"]
[WhiteEloChange "-8"]
[BlackElo "1333"]
[BlackCountry "GRE"]
[BlackFideId "4248040"]
[BlackEloChange "8"]

1. e4 {[%clk 1:30:58]} e5 {[%clk 1:30:54]} 2. Nf3 {[%clk 1:31:25]} Nc6 {[%clk
1:31:08]} 3. d4 {[%clk 1:31:53]} exd4 {[%clk 1:29:48]} 4. Nxd4 {[%clk 1:32:16]}
Nf6 {[%clk 1:28:33]} 5. Nc3 {[%clk 1:32:39]} Bb4 {[%clk 1:28:15]} 6. Nxc6 {[%clk
1:33:03]} bxc6 {[%clk 1:28:24]} 7. Bd3 {[%clk 1:33:29]} O-O {[%clk 1:28:15]} 8.
O-O {[%clk 1:33:53]} d5 {[%clk 1:26:59]} 9. exd5 {[%clk 1:34:16]} cxd5 {[%clk
1:27:22]} 10. h3 {[%clk 1:34:41]} c6 {[%clk 1:25:27]} 11. Qf3 {[%clk 1:34:58]}
Bd6 {[%clk 1:20:02]} 12. Bf4 {[%clk 1:32:06]} Qc7 {[%clk 1:13:27]} 13. Ne2 {[%clk
1:30:38]} Bb7 {[%clk 1:05:14]} 14. Rad1 {[%clk 1:25:12]} Rfe8 {[%clk 1:01:42]}
15. Bxd6 {[%clk 1:21:46]} Qxd6 {[%clk 1:01:53]} 16. c4 {[%clk 1:21:38]} Rad8
{[%clk 0:56:13]} 17. cxd5 {[%clk 1:20:07]} cxd5 {[%clk 0:55:30]} 18. Rd2 {[%clk
1:11:50]} Qb6 {[%clk 0:48:22]} 19. Qf5 {[%clk 1:08:29]} Rd6 {[%clk 0:39:17]} 20.
Nf4 {[%clk 1:06:52]} Ne4 {[%clk 0:32:45]} 21. Bxe4 {[%clk 1:05:22]} dxe4 {[%clk
0:31:48]} 22. Rfd1 {[%clk 1:03:09]} Rf6 {[%clk 0:22:54]} 23. Qg5 {[%clk 0:55:36]}
e3 {[%clk 0:17:05]} 24. Re2 {[%clk 0:52:52]} Ba6 {[%clk 0:15:55]} 25. Nd5 {[%clk
0:45:14]} exf2+ {[%clk 0:11:11]} 26. Kh2 {[%clk 0:45:11]} Bxe2 {[%clk 0:08:56]}
27. Nxb6 {[%clk 0:45:31]} Bxd1 {[%clk 0:09:07]} 28. Qb5 {[%clk 0:44:59]} Rfe6
{[%clk 0:08:24]} 29. Qf1 {[%clk 0:44:43]} Be2 {[%clk 0:07:41]} 30. Qxf2 {[%clk
0:44:54]} Rxb6 {[%clk 0:08:04]} 31. Qd4 {[%clk 0:44:49]} Rb7 {[%clk 0:03:25]} 32.
b4 {[%clk 0:44:33]} Bb5 {[%clk 0:03:23]} 33. Qc5 {[%clk 0:44:19]} a6 {[%clk
0:03:14]} 34. a3 {[%clk 0:44:16]} h6 {[%clk 0:03:28]} 35. Qc2 {[%clk 0:44:15]}
Rbe7 {[%clk 0:02:36]} 36. a4 {[%clk 0:43:35]} Bf1 {[%clk 0:02:29]} 37. Qf2 {[%clk
0:43:24]} Bc4 {[%clk 0:02:22]} 38. Qf5 {[%clk 0:43:14]} Bb3 {[%clk 0:02:18]} 39.
Qd3 {[%clk 0:42:38]} Bxa4 {[%clk 0:02:01]} 40. Qxa6 {[%clk 1:12:56]} Bd7 {[%clk
0:32:01]} 41. b5 {[%clk 1:13:04]} Bc8 {[%clk 0:31:02]} 42. Qc6 {[%clk 1:12:54]}
Bb7 {[%clk 0:30:25]} 43. Qb6 {[%clk 1:12:13]} Kf8 {[%clk 0:30:27]} 44. h4 {[%clk
1:11:41]} Rc8 {[%clk 0:30:20]} 45. Kh3 {[%clk 1:11:54]} Rc3+ {[%clk 0:29:55]} 46.
Kh2 {[%clk 1:11:29]} Rc2 {[%clk 0:29:40]} 47. Qd8+ {[%clk 1:11:49]} Re8 {[%clk
0:29:34]} 48. Qd6+ {[%clk 1:12:10]} Kg8 {[%clk 0:27:18]} 49. Qd7 {[%clk 1:11:51]}
Rxg2+ {[%clk 0:26:50]} 50. Kh3 {[%clk 1:11:39]} Bc8 {[%clk 0:27:02]} 0-1

[Event "Greek Team Championship"]
[Site "chess24.com"]
[Date "2017.07.04"]
[Round "3"]
[White "Nikolaou, Spiridon"]
[Black "Kontis, Michail"]
[Result "1-0"]
[Board "8"]
[WhiteElo "2231"]
[WhiteCountry "GRE"]
[WhiteFideId "4264398"]
[WhiteEloChange "3"]
[BlackElo "1922"]
[BlackCountry "GRE"]
[BlackFideId "4255992"]
[BlackEloChange "-3"]

1. e4 {[%clk 1:30:58]} c5 {[%clk 1:30:40]} 2. Nf3 {[%clk 1:31:24]} g6 {[%clk
1:29:50]} 3. d4 {[%clk 1:31:48]} cxd4 {[%clk 1:29:40]} 4. Nxd4 {[%clk 1:32:00]}
Bg7 {[%clk 1:29:49]} 5. c4 {[%clk 1:32:25]} Nc6 {[%clk 1:29:49]} 6. Be3 {[%clk
1:32:49]} Nf6 {[%clk 1:29:32]} 7. Nc3 {[%clk 1:33:13]} O-O {[%clk 1:29:03]} 8.
Be2 {[%clk 1:33:40]} d6 {[%clk 1:28:46]} 9. O-O {[%clk 1:34:01]} Bd7 {[%clk
1:28:26]} 10. Nc2 {[%clk 1:34:26]} Ne5 {[%clk 1:14:47]} 11. f3 {[%clk 1:31:01]}
Rc8 {[%clk 1:09:40]} 12. Na3 {[%clk 1:29:54]} a6 {[%clk 1:01:57]} 13. Rc1 {[%clk
1:24:28]} Qa5 {[%clk 0:54:40]} 14. Qb3 {[%clk 1:12:44]} b5 {[%clk 0:46:28]} 15.
cxb5 {[%clk 1:10:02]} axb5 {[%clk 0:46:48]} 16. Naxb5 {[%clk 1:08:28]} Be6 {[%clk
0:31:40]} 17. Nd5 {[%clk 1:00:00]} Bxd5 {[%clk 0:18:20]} 18. exd5 {[%clk
1:00:23]} Ned7 {[%clk 0:18:29]} 19. Rxc8 {[%clk 0:58:09]} Rxc8 {[%clk 0:18:51]}
20. Rd1 {[%clk 0:46:13]} Nc5 {[%clk 0:13:12]} 21. Qa3 {[%clk 0:43:46]} Qxa3
{[%clk 0:11:29]} 22. Nxa3 {[%clk 0:44:09]} Na4 {[%clk 0:10:11]} 23. Bd4 {[%clk
0:38:39]} Nd7 {[%clk 0:07:31]} 24. Bxg7 {[%clk 0:37:13]} Kxg7 {[%clk 0:07:59]}
25. Nc4 {[%clk 0:24:45]} Nf6 {[%clk 0:05:37]} 26. Rd2 {[%clk 0:23:10]} Rc5 {[%clk
0:05:55]} 27. Ne3 {[%clk 0:23:02]} Nb6 {[%clk 0:04:27]} 28. b4 {[%clk 0:21:20]}
Rc3 {[%clk 0:04:38]} 29. Kf2 {[%clk 0:20:19]} Nfd7 {[%clk 0:02:30]} 30. Bb5
{[%clk 0:16:26]} Nf6 {[%clk 0:00:46]} 31. Rd3 {[%clk 0:11:45]} Rc1 {[%clk
0:00:43]} 32. a3 {[%clk 0:10:23]} Ra1 {[%clk 0:00:43]} 33. Bc6 {[%clk 0:09:29]}
Kf8 {[%clk 0:00:40]} 34. Ke2 {[%clk 0:08:38]} Ra2+ {[%clk 0:00:57]} 35. Kd1
{[%clk 0:08:27]} Nfd7 {[%clk 0:00:54]} 36. f4 {[%clk 0:07:26]} g5 {[%clk
0:00:45]} 37. Bxd7 {[%clk 0:05:13]} Nxd7 {[%clk 0:01:10]} 38. Nc2 {[%clk
0:05:39]} Nb6 {[%clk 0:01:16]} 39. Kc1 {[%clk 0:05:43]} Na4 {[%clk 0:00:45]} 40.
Rb3 {[%clk 0:36:05]} 1-0

[Event "Greek Team Championship"]
[Site "chess24.com"]
[Date "2017.07.04"]
[Round "3"]
[White "Giatrakos, Orestis"]
[Black "Michaelides, Konstantinos"]
[Result "1-0"]
[Board "9"]
[WhiteElo "1889"]
[WhiteCountry "GRE"]
[WhiteFideId "4266897"]
[WhiteEloChange "14"]
[BlackElo "2046"]
[BlackTitle "CM"]
[BlackCountry "CYP"]
[BlackFideId "5901871"]
[BlackEloChange "-14"]

1. e4 {[%clk 1:30:49]} e6 {[%clk 1:30:49]} 2. d4 {[%clk 1:30:48]} d5 {[%clk
1:31:15]} 3. Nc3 {[%clk 1:31:10]} Nf6 {[%clk 1:31:30]} 4. e5 {[%clk 1:31:17]}
Nfd7 {[%clk 1:31:54]} 5. f4 {[%clk 1:31:36]} c5 {[%clk 1:32:10]} 6. Nf3 {[%clk
1:31:59]} Nc6 {[%clk 1:32:32]} 7. Be3 {[%clk 1:32:08]} a6 {[%clk 1:32:24]} 8. Qd2
{[%clk 1:32:30]} b5 {[%clk 1:32:24]} 9. dxc5 {[%clk 1:32:03]} Bxc5 {[%clk
1:31:22]} 10. Bxc5 {[%clk 1:10:06]} Nxc5 {[%clk 1:31:47]} 11. Nd4 {[%clk
1:09:29]} Bd7 {[%clk 1:21:03]} 12. a3 {[%clk 1:04:43]} Qb6 {[%clk 1:18:01]} 13.
Nxc6 {[%clk 0:57:58]} Bxc6 {[%clk 1:18:18]} 14. Qd4 {[%clk 0:57:52]} a5 {[%clk
1:11:19]} 15. Bd3 {[%clk 0:50:06]} O-O {[%clk 1:00:13]} 16. O-O {[%clk 0:42:45]}
b4 {[%clk 0:59:07]} 17. Ne2 {[%clk 0:39:10]} Bb5 {[%clk 0:47:33]} 18. Bxb5 {[%clk
0:27:28]} Qxb5 {[%clk 0:47:58]} 19. Qe3 {[%clk 0:26:44]} Ne4 {[%clk 0:44:10]} 20.
Nd4 {[%clk 0:25:48]} Qb6 {[%clk 0:42:57]} 21. a4 {[%clk 0:21:57]} Rac8 {[%clk
0:38:29]} 22. Rad1 {[%clk 0:20:46]} Rc4 {[%clk 0:33:05]} 23. Kh1 {[%clk 0:17:10]}
Nc5 {[%clk 0:30:19]} 24. f5 {[%clk 0:16:33]} exf5 {[%clk 0:15:50]} 25. Nxf5
{[%clk 0:16:46]} Re4 {[%clk 0:15:12]} 26. Qg3 {[%clk 0:15:34]} g6 {[%clk
0:13:52]} 27. Ne7+ {[%clk 0:12:18]} Kg7 {[%clk 0:12:03]} 28. Nf5+ {[%clk
0:12:17]} Kg8 {[%clk 0:08:49]} 29. Nh6+ {[%clk 0:12:17]} Kg7 {[%clk 0:07:55]} 30.
Nf5+ {[%clk 0:12:44]} Kg8 {[%clk 0:07:32]} 31. Nd6 {[%clk 0:12:20]} Re2 {[%clk
0:07:08]} 32. Qf3 {[%clk 0:11:20]} Rxe5 {[%clk 0:05:00]} 33. Nxf7 {[%clk
0:11:42]} Kg7 {[%clk 0:04:53]} 34. Qf4 {[%clk 0:11:27]} Re4 {[%clk 0:00:55]} 35.
Qh6+ {[%clk 0:11:02]} Kg8 {[%clk 0:01:24]} 36. Ng5 {[%clk 0:11:07]} Rxf1+ {[%clk
0:00:34]} 37. Rxf1 {[%clk 0:11:36]} Qf6 {[%clk 0:00:32]} 38. Qxh7+ {[%clk
0:11:36]} 1-0

[Event "Greek Team Championship"]
[Site "chess24.com"]
[Date "2017.07.04"]
[Round "3"]
[White "Gavalakis, Dimitrios"]
[Black "Spyratos, Nikolaos"]
[Result "0-1"]
[Board "10"]
[WhiteElo "1149"]
[WhiteCountry "GRE"]
[WhiteFideId "25843575"]
[WhiteEloChange "-2"]
[BlackElo "1498"]
[BlackCountry "GRE"]
[BlackFideId "25835351"]
[BlackEloChange "2"]

1. e4 {[%clk 1:30:49]} c5 {[%clk 1:30:53]} 2. c3 {[%clk 1:31:08]} Nf6 {[%clk
1:31:17]} 3. e5 {[%clk 1:31:19]} Nd5 {[%clk 1:31:40]} 4. d4 {[%clk 1:31:31]} cxd4
{[%clk 1:32:05]} 5. cxd4 {[%clk 1:31:53]} e6 {[%clk 1:32:23]} 6. Nf3 {[%clk
1:31:01]} b6 {[%clk 1:32:34]} 7. Bc4 {[%clk 1:27:52]} Bb7 {[%clk 1:31:06]} 8. O-O
{[%clk 1:24:35]} Qc8 {[%clk 1:28:12]} 9. Bd3 {[%clk 1:18:58]} Ba6 {[%clk
1:27:26]} 10. a3 {[%clk 1:14:32]} Bxd3 {[%clk 1:27:39]} 11. Qxd3 {[%clk 1:14:49]}
Qa6 {[%clk 1:27:50]} 12. Qxa6 {[%clk 1:14:22]} Nxa6 {[%clk 1:28:11]} 13. Bd2
{[%clk 1:11:52]} Rc8 {[%clk 1:24:00]} 14. Nc3 {[%clk 1:11:49]} Nxc3 {[%clk
1:23:54]} 15. bxc3 {[%clk 1:12:10]} Be7 {[%clk 1:23:12]} 16. Rfc1 {[%clk
1:12:06]} Rc4 {[%clk 1:23:20]} 17. a4 {[%clk 1:11:44]} O-O {[%clk 1:22:09]} 18.
a5 {[%clk 1:10:19]} b5 {[%clk 1:20:39]} 19. Rab1 {[%clk 1:10:24]} Rb8 {[%clk
1:15:51]} 20. Rb3 {[%clk 1:01:42]} Nc7 {[%clk 1:04:35]} 21. Rcb1 {[%clk 0:58:48]}
a6 {[%clk 1:04:14]} 22. Be1 {[%clk 0:57:30]} Nd5 {[%clk 1:03:22]} 23. Kf1 {[%clk
0:57:02]} Rbc8 {[%clk 1:03:32]} 24. Rc1 {[%clk 0:57:11]} b4 {[%clk 1:02:44]} 25.
Nd2 {[%clk 0:54:42]} Rxc3 {[%clk 1:01:49]} 26. Rcxc3 {[%clk 0:54:59]} bxc3 {[%clk
1:01:46]} 27. Rb7 {[%clk 0:54:13]} cxd2 {[%clk 0:57:26]} 28. Bxd2 {[%clk
0:54:37]} h6 {[%clk 0:55:20]} 29. Rxd7 {[%clk 0:51:56]} Bb4 {[%clk 0:55:16]} 30.
Ke2 {[%clk 0:50:56]} 0-1

[Event "Greek Team Championship"]
[Site "chess24.com"]
[Date "2017.07.04"]
[Round "3"]
[White "Parligras, Mircea-Emilian"]
[Black "Georgiev, Kiril"]
[Result "1/2-1/2"]
[Board "1"]
[WhiteElo "2612"]
[WhiteTitle "GM"]
[WhiteCountry "ROU"]
[WhiteFideId "1204297"]
[BlackElo "2640"]
[BlackTitle "GM"]
[BlackCountry "BUL"]
[BlackFideId "2900017"]

1. d4 {[%clk 1:30:57]} Nf6 {[%clk 1:30:49]} 2. c4 {[%clk 1:31:21]} e6 {[%clk
1:31:12]} 3. Nf3 {[%clk 1:31:24]} d5 {[%clk 1:28:53]} 4. Nc3 {[%clk 1:31:33]} Be7
{[%clk 1:26:26]} 5. Bf4 {[%clk 1:31:14]} O-O {[%clk 1:26:16]} 6. e3 {[%clk
1:31:24]} c5 {[%clk 1:23:30]} 7. dxc5 {[%clk 1:31:07]} Bxc5 {[%clk 1:23:45]} 8.
a3 {[%clk 1:30:16]} Nc6 {[%clk 1:24:01]} 9. Qc2 {[%clk 1:29:42]} Qa5 {[%clk
1:24:06]} 10. Rd1 {[%clk 1:28:50]} Be7 {[%clk 1:23:20]} 11. Be2 {[%clk 1:27:34]}
dxc4 {[%clk 1:19:38]} 12. Bxc4 {[%clk 1:27:30]} Bd7 {[%clk 1:14:21]} 13. O-O
{[%clk 1:27:31]} Rfd8 {[%clk 1:10:47]} 14. Qb3 {[%clk 1:21:27]} Qc5 {[%clk
1:05:29]} 15. Be2 {[%clk 1:18:35]} Na5 {[%clk 1:03:06]} 16. Qa2 {[%clk 1:17:57]}
Nc6 {[%clk 0:46:21]} 17. Qb3 {[%clk 1:03:06]} Na5 {[%clk 0:45:36]} 18. Qa2 {[%clk
1:03:33]} Nc6 {[%clk 0:45:53]} 19. Qb3 {[%clk 1:03:26]} Na5 {[%clk 0:45:37]} 20.
Qa2 {[%clk 1:03:51]} Nc6 {[%clk 0:45:35]} 21. Qb3 {[%clk 1:04:10]} 1/2-1/2

[Event "Greek Team Championship"]
[Site "chess24.com"]
[Date "2017.07.04"]
[Round "3"]
[White "Managadze, Nikoloz"]
[Black "Galopoulos, Nikolaos"]
[Result "1/2-1/2"]
[Board "2"]
[WhiteElo "2454"]
[WhiteTitle "IM"]
[WhiteCountry "GEO"]
[WhiteFideId "13600575"]
[WhiteEloChange "-1"]
[BlackElo "2369"]
[BlackCountry "GRE"]
[BlackFideId "4208951"]
[BlackEloChange "2"]

1. Nf3 {[%clk 1:28:10]} c5 {[%clk 1:30:53]} 2. c4 {[%clk 1:28:03]} Nc6 {[%clk
1:31:13]} 3. Nc3 {[%clk 1:28:16]} g6 {[%clk 1:30:16]} 4. d4 {[%clk 1:25:19]} cxd4
{[%clk 1:30:36]} 5. Nxd4 {[%clk 1:25:45]} Bg7 {[%clk 1:30:58]} 6. Nc2 {[%clk
1:23:35]} d6 {[%clk 1:29:11]} 7. e4 {[%clk 1:23:44]} Nf6 {[%clk 1:29:17]} 8. Be2
{[%clk 1:24:06]} O-O {[%clk 1:28:53]} 9. O-O {[%clk 1:24:20]} Nd7 {[%clk
1:28:15]} 10. Be3 {[%clk 1:22:42]} Nc5 {[%clk 1:27:30]} 11. f3 {[%clk 1:16:29]}
a5 {[%clk 1:19:06]} 12. Qd2 {[%clk 1:12:34]} a4 {[%clk 1:19:24]} 13. Nd4 {[%clk
1:10:22]} Qa5 {[%clk 1:12:43]} 14. Rac1 {[%clk 1:10:10]} Bd7 {[%clk 0:57:13]} 15.
Ndb5 {[%clk 1:07:25]} Na7 {[%clk 0:44:36]} 16. Rfd1 {[%clk 0:54:45]} Nxb5 {[%clk
0:43:28]} 17. cxb5 {[%clk 0:51:45]} Bxc3 {[%clk 0:38:30]} 18. Qxc3 {[%clk
0:50:48]} Bxb5 {[%clk 0:38:26]} 19. Bxb5 {[%clk 0:50:56]} Qxb5 {[%clk 0:38:50]}
20. Bh6 {[%clk 0:50:48]} f6 {[%clk 0:38:33]} 21. Bxf8 {[%clk 0:50:53]} Rxf8
{[%clk 0:38:58]} 22. Rd4 {[%clk 0:45:39]} Ra8 {[%clk 0:37:26]} 23. Rc2 {[%clk
0:37:05]} Ra6 {[%clk 0:36:41]} 24. Rb4 {[%clk 0:36:10]} Qa5 {[%clk 0:36:57]} 25.
Qc4+ {[%clk 0:32:32]} Kg7 {[%clk 0:37:22]} 26. a3 {[%clk 0:32:50]} Rc6 {[%clk
0:36:17]} 27. Qe2 {[%clk 0:30:35]} Rb6 {[%clk 0:34:51]} 28. Rcc4 {[%clk 0:29:47]}
Na6 {[%clk 0:30:38]} 29. Rxb6 {[%clk 0:29:05]} Qxb6+ {[%clk 0:31:06]} 30. Kf1
{[%clk 0:29:30]} Nc5 {[%clk 0:29:31]} 31. Rb4 {[%clk 0:29:34]} Qc7 {[%clk
0:28:26]} 32. Qc4 {[%clk 0:29:49]} Qd7 {[%clk 0:27:20]} 33. h4 {[%clk 0:27:34]}
Qe8 {[%clk 0:25:37]} 34. Kg1 {[%clk 0:23:26]} Qd7 {[%clk 0:24:58]} 35. Qd5 {[%clk
0:22:55]} Qc8 {[%clk 0:20:16]} 36. Kh2 {[%clk 0:22:03]} h5 {[%clk 0:16:38]} 37.
Kg1 {[%clk 0:18:03]} Qd7 {[%clk 0:16:23]} 1/2-1/2

[Event "Greek Team Championship"]
[Site "chess24.com"]
[Date "2017.07.04"]
[Round "3"]
[White "Kesidis, Odyseas"]
[Black "Korniotis, Filippos"]
[Result "1-0"]
[Board "3"]
[WhiteElo "2202"]
[WhiteCountry "GRE"]
[WhiteFideId "4221796"]
[WhiteEloChange "8"]
[BlackElo "2143"]
[BlackCountry "GRE"]
[BlackFideId "4236912"]
[BlackEloChange "-8"]

1. e4 {[%clk 1:30:57]} c5 {[%clk 1:30:55]} 2. Nf3 {[%clk 1:31:23]} e6 {[%clk
1:31:21]} 3. c3 {[%clk 1:31:45]} d5 {[%clk 1:31:46]} 4. e5 {[%clk 1:31:42]} Nc6
{[%clk 1:32:06]} 5. d4 {[%clk 1:32:05]} Bd7 {[%clk 1:32:31]} 6. Be2 {[%clk
1:32:27]} Nge7 {[%clk 1:32:06]} 7. O-O {[%clk 1:30:47]} Ng6 {[%clk 1:32:07]} 8.
g3 {[%clk 1:31:07]} Be7 {[%clk 1:32:22]} 9. h4 {[%clk 1:31:28]} O-O {[%clk
1:32:46]} 10. h5 {[%clk 1:31:44]} Nh8 {[%clk 1:33:11]} 11. dxc5 {[%clk 1:31:40]}
Bxc5 {[%clk 1:27:26]} 12. c4 {[%clk 1:32:04]} dxc4 {[%clk 1:16:29]} 13. Bxc4
{[%clk 1:28:32]} Qc7 {[%clk 1:09:19]} 14. Bf4 {[%clk 1:27:36]} Rad8 {[%clk
1:06:53]} 15. Nc3 {[%clk 1:26:21]} Ne7 {[%clk 0:57:09]} 16. Qe2 {[%clk 1:24:43]}
Nf5 {[%clk 0:49:52]} 17. Ne4 {[%clk 1:20:50]} Bc6 {[%clk 0:45:02]} 18. Rac1
{[%clk 1:10:50]} b6 {[%clk 0:38:16]} 19. Nfg5 {[%clk 0:56:24]} h6 {[%clk
0:27:59]} 20. Nf6+ {[%clk 0:25:26]} gxf6 {[%clk 0:28:22]} 21. exf6 {[%clk
0:25:48]} Qb7 {[%clk 0:12:04]} 22. Nxe6 {[%clk 0:19:24]} Bh1 {[%clk 0:09:01]} 23.
Qg4+ {[%clk 0:19:13]} Ng6 {[%clk 0:09:30]} 24. Qh3 {[%clk 0:18:18]} Nxf4 {[%clk
0:09:57]} 25. Nxf4 {[%clk 0:12:16]} Be4 {[%clk 0:09:35]} 26. Qg4+ {[%clk
0:11:50]} Kh8 {[%clk 0:09:30]} 27. Rce1 {[%clk 0:09:02]} Kh7 {[%clk 0:03:51]} 28.
Nd5 {[%clk 0:07:55]} Bxd5 {[%clk 0:01:56]} 29. Qxf5+ {[%clk 0:08:13]} Kh8 {[%clk
0:01:45]} 30. Bd3 {[%clk 0:08:28]} 1-0

[Event "Greek Team Championship"]
[Site "chess24.com"]
[Date "2017.07.04"]
[Round "3"]
[White "Papageorgiou, Vasilios"]
[Black "Vasiliadis, Anastasios"]
[Result "0-1"]
[Board "4"]
[WhiteElo "2121"]
[WhiteCountry "GRE"]
[WhiteFideId "4205839"]
[WhiteEloChange "-14"]
[BlackElo "1972"]
[BlackCountry "GRE"]
[BlackFideId "4251083"]
[BlackEloChange "14"]

1. e4 {[%clk 1:27:07]} e6 {[%clk 1:30:48]} 2. d3 {[%clk 1:26:59]} d5 {[%clk
1:31:11]} 3. Nd2 {[%clk 1:27:20]} Nf6 {[%clk 1:31:35]} 4. Ngf3 {[%clk 1:27:18]}
Be7 {[%clk 1:31:10]} 5. g3 {[%clk 1:27:27]} O-O {[%clk 1:31:06]} 6. Bg2 {[%clk
1:27:45]} b6 {[%clk 1:31:32]} 7. O-O {[%clk 1:27:48]} Bb7 {[%clk 1:30:53]} 8. e5
{[%clk 1:27:42]} Nfd7 {[%clk 1:31:15]} 9. Re1 {[%clk 1:27:59]} c5 {[%clk
1:31:00]} 10. c3 {[%clk 1:25:56]} Nc6 {[%clk 1:30:52]} 11. Nf1 {[%clk 1:26:10]}
Re8 {[%clk 1:28:26]} 12. h4 {[%clk 1:25:27]} b5 {[%clk 1:16:49]} 13. N1h2 {[%clk
1:24:14]} b4 {[%clk 1:16:07]} 14. Bf4 {[%clk 1:15:17]} bxc3 {[%clk 1:12:43]} 15.
bxc3 {[%clk 1:15:46]} Rb8 {[%clk 1:13:05]} 16. Ng5 {[%clk 0:59:08]} Bxg5 {[%clk
1:02:52]} 17. hxg5 {[%clk 0:59:20]} Ne7 {[%clk 1:00:53]} 18. Ng4 {[%clk 0:38:56]}
Ng6 {[%clk 0:59:56]} 19. Qa4 {[%clk 0:34:45]} Qc7 {[%clk 0:57:35]} 20. Bd2 {[%clk
0:25:43]} Bc6 {[%clk 0:53:53]} 21. Qc2 {[%clk 0:21:12]} Qb6 {[%clk 0:52:01]} 22.
Rab1 {[%clk 0:21:21]} Qa6 {[%clk 0:52:18]} 23. d4 {[%clk 0:19:06]} Bb5 {[%clk
0:43:32]} 24. Bf1 {[%clk 0:17:59]} Bxf1 {[%clk 0:41:35]} 25. Rxf1 {[%clk
0:18:28]} c4 {[%clk 0:41:03]} 26. Kg2 {[%clk 0:17:44]} Rb6 {[%clk 0:36:37]} 27.
Rbe1 {[%clk 0:13:50]} Qb5 {[%clk 0:35:35]} 28. Bc1 {[%clk 0:14:03]} Ra6 {[%clk
0:34:34]} 29. Rh1 {[%clk 0:14:03]} Qa4 {[%clk 0:34:22]} 30. Qd2 {[%clk 0:14:01]}
Qxa2 {[%clk 0:34:14]} 31. Qd1 {[%clk 0:13:00]} Qb1 {[%clk 0:31:06]} 32. Nf6+
{[%clk 0:04:25]} gxf6 {[%clk 0:15:48]} 33. gxf6 {[%clk 0:04:53]} Qf5 {[%clk
0:15:21]} 34. Rh5 {[%clk 0:04:57]} Qd3 {[%clk 0:13:35]} 35. Qg4 {[%clk 0:04:57]}
Ra2 {[%clk 0:10:57]} 36. Be3 {[%clk 0:02:27]} Qe4+ {[%clk 0:11:17]} 37. Qxe4
{[%clk 0:02:20]} dxe4 {[%clk 0:11:42]} 38. Bh6 {[%clk 0:02:05]} Rb8 {[%clk
0:04:33]} 39. Rxe4 {[%clk 0:01:21]} Rbb2 {[%clk 0:03:42]} 40. Be3 {[%clk
0:31:30]} Nb6 {[%clk 0:33:51]} 0-1

[Event "Greek Team Championship"]
[Site "chess24.com"]
[Date "2017.07.04"]
[Round "3"]
[White "Milliet, Sophie"]
[Black "Stefanidi, Maria-Anna"]
[Result "1-0"]
[Board "5"]
[WhiteElo "2366"]
[WhiteTitle "IM"]
[WhiteCountry "FRA"]
[WhiteFideId "623725"]
[WhiteEloChange "2"]
[BlackElo "2001"]
[BlackTitle "WFM"]
[BlackCountry "GRE"]
[BlackFideId "4207750"]
[BlackEloChange "-2"]

1. e4 {[%clk 1:30:58]} c5 {[%clk 1:30:52]} 2. Nf3 {[%clk 1:31:19]} d6 {[%clk
1:31:16]} 3. d4 {[%clk 1:31:29]} cxd4 {[%clk 1:31:39]} 4. Nxd4 {[%clk 1:31:55]}
Nf6 {[%clk 1:32:04]} 5. Nc3 {[%clk 1:32:22]} g6 {[%clk 1:32:31]} 6. Be3 {[%clk
1:32:43]} Bg7 {[%clk 1:32:55]} 7. f3 {[%clk 1:32:52]} a6 {[%clk 1:33:19]} 8. Qd2
{[%clk 1:27:07]} h5 {[%clk 1:33:41]} 9. Bc4 {[%clk 1:22:49]} Nbd7 {[%clk
1:32:49]} 10. a4 {[%clk 1:05:14]} b6 {[%clk 1:17:02]} 11. Qe2 {[%clk 1:02:25]}
Bb7 {[%clk 1:15:47]} 12. Rd1 {[%clk 1:01:24]} O-O {[%clk 1:12:56]} 13. O-O {[%clk
1:00:08]} Ne5 {[%clk 1:13:06]} 14. Bb3 {[%clk 0:59:53]} Qc7 {[%clk 1:07:22]} 15.
f4 {[%clk 0:54:47]} Neg4 {[%clk 1:06:15]} 16. h3 {[%clk 0:53:40]} Nxe3 {[%clk
1:06:11]} 17. Qxe3 {[%clk 0:54:09]} e5 {[%clk 1:05:19]} 18. fxe5 {[%clk 0:54:29]}
dxe5 {[%clk 1:05:42]} 19. Nf3 {[%clk 0:54:50]} Rac8 {[%clk 1:01:55]} 20. Ng5
{[%clk 0:52:55]} Bc6 {[%clk 0:52:53]} 21. Rd2 {[%clk 0:49:15]} b5 {[%clk
0:47:20]} 22. axb5 {[%clk 0:45:10]} axb5 {[%clk 0:46:16]} 23. Rdf2 {[%clk
0:45:23]} Qe7 {[%clk 0:45:05]} 24. Qg3 {[%clk 0:37:28]} Rc7 {[%clk 0:29:37]} 25.
Nxf7 {[%clk 0:29:15]} Rxf7 {[%clk 0:09:12]} 26. Qxg6 {[%clk 0:29:43]} 1-0